000 00560nam a2200193Ia 4500
005 20260120124628.0
008 008 260114s9999 xx 000 0 eng d
020 _a9780762310821
037 _aEBOOK
040 _aCRL
_beng
_cCRL
041 _aeng
_2eng
084 _qCRL
245 0 _aSocioeconomic Aspects of Human Behavioral Ecology
260 _bEmerald Publishing
_c2004
700 _aM. Alvard
_9908573
856 _uhttps://www.emerald.com/insight/publication/doi/10.1016/S0190-1281(2004)23
942 _cEBOOK
999 _c1500471
_d1500471